Métodos cualitativos y cuantitativos en investigación evaluativa /
Сохранить в:
| Главный автор: | |
|---|---|
| Другие авторы: | |
| Формат: | Неизвестно |
| Опубликовано: |
Madrid:
Ediciones Morata
|
| Предметы: | |
| Метки: |
Добавить метку
Нет меток, Требуется 1-ая метка записи!
|
MARC
| LEADER | 00000 a2200000 04500 | ||
|---|---|---|---|
| 001 | 18558 | ||
| 003 | |||
| 008 | 991231s d | ||
| 040 | |a CRAI/IIS |c CRAI/IIS | ||
| 090 | |a 143504 | ||
| 100 | |a Cook, Thomas D. | ||
| 245 | |a Métodos cualitativos y cuantitativos en investigación evaluativa / |c Thomas D. Cook | ||
| 260 | |a Madrid: |b Ediciones Morata | ||
| 300 | |a 228 p | ||
| 650 | |a METODOLOGIA | ||
| 650 | |a METODOS DE INVESTIGACION | ||
| 650 | |a INVESTIGACION | ||
| 650 | |a ESTUDIOS DE CASOS | ||
| 650 | |a INVESTIGACION SOCIAL | ||
| 700 | |a Reichardt, Charles S. | ||
| 999 | |c 17121 |d 17121 | ||
